000 00363nam a2200169Ia 4500
008 240510s9999 xx 000 0 und d
041 _aEng
082 _a005.136
082 _bM31
245 0 _aMICROSOFT MACRO ASSEMBLER 5.0
260 _bMICROSOFT
260 _c1987
300 _a140 p.
650 _aASSEMBLEY LANGUAGE
942 _2ddc
942 _cLBK
999 _c24242
_d24242
945 _a1
_bMadushi Gamage
_c1
_dMadushi Gamage